| 000 | 00581nam a22001817a 4500 | ||
|---|---|---|---|
| 999 |
_c61135 _d61135 |
||
| 005 | 20231221172252.0 | ||
| 008 | 231221s1987 ru ||||| |||| 00| 0 rus d | ||
| 041 | _arus | ||
| 080 | _a94(38) Л-50 | ||
| 100 |
_aЛесков, В. _920847 |
||
| 245 |
_aСпартак / _cВ. Лесков. |
||
| 264 |
_aМосква : _bМолодая гвардия, _c1987. |
||
| 300 |
_a384 с.: _bил.; _c21 см. |
||
| 440 |
_aЖизнь замечательных людей _920669 |
||
| 653 | _aსპარტაკი | ||
| 653 | _aისტორია | ||
| 942 |
_2udc _cᲬᲘᲒᲜᲘ |
||